| 000 | 01018cam a22002891 4500 | ||
|---|---|---|---|
| 001 | 7248 | ||
| 003 | BD-RjUL | ||
| 005 | 20211208234402.0 | ||
| 008 | 140113s1965 enk 001 0 eng | ||
| 035 | _a(BD-RjUL)7290 | ||
| 040 |
_aDLC/ICU _cICU _dDLC _dBD-RjUL _beng |
||
| 041 | 1 | _aengger | |
| 082 | 0 | 0 |
_a512.86 _bRET 1965 |
| 100 | 1 |
_aREDEI,Laszlo _q(László), _d1900- _922646 |
|
| 245 | 1 | 4 |
_aThe theory of finitely generated commutative semigroups / _cTranlsation edited by N. Reilly. |
| 260 |
_aOxford : _aNew York: _bPergamon Press, _c1965 |
||
| 300 |
_axiii, 353 p. ; _c22 cm. |
||
| 490 | 1 |
_aInternational series of monographs in pure and applied mathematics, _vV-82 |
|
| 504 | _aIncludes Index. | ||
| 650 | 0 |
_aCommutative semigroups. _922647 |
|
| 830 | 0 |
_vv. 82. _922651 |
|
| 830 | 0 |
_aInternational series of monographs in pure and applied mathematics ; _919848 |
|
| 942 |
_2ddc _cBK |
||
| 999 |
_c7248 _d7248 |
||